000 00642nam a2200253Ia 4500
003 OSt
005 20220924150957.0
006 a|||||r|||| 00| 0
007 ta
008 220923b |||||||| |||| 00| 0 ara d
024 _a335462
037 _cTextual
040 _aARTS
_cARTS
_bara
041 _2ara
_aara
082 _aO28:g(S1), L7
100 _aHaiti Hadi Noman Au.
_9223338
245 0 _aAl-adabul atfal
260 _c1977
650 _a CHILDREN
_917580
650 _a PSYCHOLOGY
650 _aARABIC LITERATURE
942 _hO28:g(S1), L7
_cTEXL
_2CC
999 _c465167
_d465167